| 000 | 00513nam a2200193Ia 4500 | ||
|---|---|---|---|
| 005 | 20140405092550.0 | ||
| 008 | 140130s9999 xx 000 0 und d | ||
| 020 | _a043924224X | ||
| 050 |
_aPZ 8.1 _b.M199It 2003 |
||
| 100 |
_aMcKissack, Patricia C. _931135 |
||
| 245 |
_cPatricia C. McKissack _aItching And Twitching / |
||
| 260 |
_bScholastic, _c2003. _aNew York : |
||
| 300 |
_a45 p. : _bcol. ill. ; _c23 cm. |
||
| 440 |
_v1 _931136 |
||
| 521 | _aG2 | ||
| 526 | _c340 | ||
| 942 |
_cBK _2lcc |
||
| 999 |
_c40168 _d40168 |
||